Preprava tovaru z Ázie do Európskej únie
Dovoz tovarov z východnej a juhovýchodnej Ázie do Slovenskej republiky ako aj do iných krajín EÚ má určité špecifiká, ktoré ovplyvňujú efektívnosť dopravných a logistických tokov. Na reálnych príkladoch dovozu niektorých tovarov sa dajú pozorovať výhody či nevýhody rôznych spôsobov prepravy a súčasn...
Uložené v:
| Hlavný autor: | |
|---|---|
| Médium: | Kapitola |
| Jazyk: | Slovak |
| Predmet: | |
| Tagy: |
Žiadne tagy, Buďte prvý, kto otaguje tento záznam!
|
MARC
| LEADER | 00000naa a2200000 4500 | ||
|---|---|---|---|
| 001 | 0122839 | ||
| 005 | 20240502072404.8 | ||
| 041 | 0 | |a slo | |
| 044 | |a SK | ||
| 245 | 1 | 0 | |a Preprava tovaru z Ázie do Európskej únie |c Viktória Valachovičová |
| 520 | |a Dovoz tovarov z východnej a juhovýchodnej Ázie do Slovenskej republiky ako aj do iných krajín EÚ má určité špecifiká, ktoré ovplyvňujú efektívnosť dopravných a logistických tokov. Na reálnych príkladoch dovozu niektorých tovarov sa dajú pozorovať výhody či nevýhody rôznych spôsobov prepravy a súčasne vidieť význam zapracovania doložky INCOTERMS do medzinárodnej kúpnej zmluvy. Analýza dovozu osobných automobilov a príslušenstiev motorových vozidiel z Číny, Južnej Kórey, Filipín a Singapuru. | ||
| 610 | 2 | 0 | |a doprava nákladná |
| 610 | 2 | 0 | |a doprava letecká |
| 610 | 2 | 0 | |a doprava lodná |
| 610 | 2 | 0 | |a doprava medzinárodná |
| 610 | 2 | 0 | |a doprava námorná |
| 610 | 2 | 0 | |a automobily osobné |
| 610 | 2 | 0 | |a dovoz |
| 610 | 2 | 0 | |a zmluvy medzinárodné |
| 610 | 2 | 0 | |a zmluvy kúpne |
| 610 | 2 | 0 | |a Slovensko |
| 610 | 2 | 0 | |a Európska únia |
| 610 | 2 | 0 | |a Ázia |
| 100 | 1 | |a Valachovičová, Viktória | |